|
|
|
|
| LEADER |
00000nam0a2200000 4500 |
| 001 |
225701 |
| 005 |
20231101230700.0 |
| 035 |
|
|
|a (RuTPU)RU\TPU\book\246057
|
| 090 |
|
|
|a 225701
|
| 100 |
|
|
|a 20121114d1891 m y0rusy50 ca
|
| 101 |
0 |
|
|a rus
|
| 102 |
|
|
|a RU
|
| 105 |
|
|
|a a j 001zy
|
| 200 |
1 |
|
|a Механика для технических и ремесленных училищ, а также для самообучения
|f Ф. Губер
|g пер. с нем., под ред. М. А. Савича
|
| 205 |
|
|
|a 2-е изд., испр. и доп. по указаниям самого автора
|
| 210 |
|
|
|a Санкт-Петербург
|c Издание К. Л. Риккера
|c Типография В. Безобразова и Комп.
|d 1891
|
| 215 |
|
|
|a XVII, 662 с.
|c с 489 чертежами в тексте
|
| 300 |
|
|
|a Раздельная пагинация страниц
|
| 300 |
|
|
|a Текст в русской дореформенной орфографии
|
| 316 |
|
|
|5 63413507: 44//615
|a На с. 1 и III штамп:" Управление Томского округа путей сообщения. Техническая часть. 22 сент 1899 г. № 215"
|
| 317 |
|
|
|5 63413507: 44//615
|a Поступил в НТБ в 1914 г. в дар от первого директора ТТИ профессора Е. Л. Зубашева
|
| 320 |
|
|
|a Приложения: Таблица веса (плотности) тел: с.648
|
| 320 |
|
|
|a Приложения: Сравнительные таблицы мер линейных, квадратных, кубических, ёмкости и др.: с. 649-650
|
| 320 |
|
|
|a Алф. указ.: с. 651-662
|
| 606 |
1 |
|
|a Механика
|2 stltpush
|3 (RuTPU)RU\TPU\subj\67812
|9 83462
|
| 610 |
1 |
|
|a учебные пособия
|
| 610 |
1 |
|
|a Коллекция Е. Л. Зубашева
|
| 610 |
1 |
|
|a владельческие знаки
|
| 610 |
1 |
|
|a движение
|
| 610 |
1 |
|
|a сила
|
| 610 |
1 |
|
|a инерция
|
| 610 |
1 |
|
|a центр тяжести
|
| 610 |
1 |
|
|a равновесие
|
| 610 |
1 |
|
|a удар
|
| 610 |
1 |
|
|a сопротивление
|
| 610 |
1 |
|
|a крепость
|
| 610 |
1 |
|
|a машины
|
| 610 |
1 |
|
|a весы
|
| 610 |
1 |
|
|a вода
|
| 610 |
1 |
|
|a воздух
|
| 610 |
1 |
|
|a давление
|
| 610 |
1 |
|
|a водяные колеса
|
| 610 |
1 |
|
|a насосы
|
| 610 |
1 |
|
|a пар
|
| 610 |
1 |
|
|a двигатели
|
| 675 |
|
|
|a 531(075)
|v 3
|
| 700 |
|
1 |
|a Губер
|b Ф.
|
| 702 |
|
1 |
|a Савич
|b М. А.
|4 340
|
| 801 |
|
1 |
|a RU
|b 63413507
|c 20121114
|
| 801 |
|
2 |
|a RU
|b 63413507
|c 20210712
|g RCR
|
| 942 |
|
|
|c BK
|